Statistiques concernant Quiz sur le Guatemala

Cliquez ici pour prendre le quiz!

Statistiques générales

  • Ce quiz a été pris 2 222 fois
  • Le résultat moyen est 13 sur 20

Statistiques - réponses

QuestionRéponse% Correct
Langue officielleEspagnol
98%
Pays frontaliersMexique
97%
Pays frontaliersHonduras
95%
Pays frontaliersBelize
94%
CapitaleGuatemala
93%
Pays frontaliersSalvador
92%
Civilisation améridienne connue
pour ses pyramides et calendriers
Mayas
90%
Mer à l'est du GuatemalaCaraïbes
88%
Pays de résidence de 1 500 000
immigrants nés au Guatemala
États-Unis
87%
Nom des habitants du GuatemalaGuatémaltèque
76%
Principale culture céréalièreMaïs
61%
Péninsule où se trouve Cancún
mais aussi le nord du Guatemala
Yucatan
60%
Fédération à laquelle le Guatemala
appartenait de 1823 à 1839
Provinces-Unies
d'{Amérique} {Centrale}
56%
Devise monétaire, devant son nom
à un oiseau sacré aux plumes vertes
Quetzal
48%
Principal produit d'exportationCafé
46%
Ville connue pour son architecture
dont le nom signifie "vieille"
Antigua
23%
Ancienne ville de cette civilisation,
aussi appelée Yax Mutal
Tikal
17%
Activiste des droits de l'Homme qui
a reçu le prix Nobel de la Paix 1992
Rigoberta
{Menchú}
14%
Volcan entré en éruption en 2018Volcán de {Fuego}
12%
Écrivain, auteur de Monsieur le Président,
qui a reçu le prix Nobel de Littérature 1967
Miguel Ángel
{Asturias}
10%

Distribution des résultats

Percentile par nombre de réponses

% des personnes avec chaque résultat

Votre développement - résultats

Vous n’avez pas pris ce quiz